FCSB Squad 1985-1986 - Statistics

General Stats
  • This quiz has been taken 8 times
  • The average score is 9 of 19
Answer Stats
Position Nation Player % Correct
GK Romania Helmut Duckadam
88%
FW Romania Marius Lăcătuș
88%
DF Romania Miodrag Belodedici
88%
FW Romania Anghel Iordănescu
75%
FW Romania Victor Pițurcă
75%
FW Romania Gabi Balint
63%
MF Romania László Bölöni
63%
MF Romania Lucian Bălan
63%
DF Romania Adrian Bumbescu
50%
MF Romania Tudorel Stoica
50%
FW Romania Marin Radu
38%
MF Romania Constantin Pistol
25%
Coach Romania Emerich Jenei
25%
DF Romania Ilie Bărbulescu
25%
MF Romania Iosif Rotariu
25%
MF Romania Mihail Majearu
25%
MF Romania Anton Weissenbacher
13%
GK Romania Dumitru Stângaciu
13%
DF Romania Ștefan Iovan
13%
No matching quizzes found
Score Distribution
Percent of People with Each Score
Percentile by Number Answered
Your Score History
You have not taken this quiz